000 02169cam a22002174a 4500
005 20250605164024.0
008 250528s ||||||||||||||||||||||||d
035 _a16450
020 _a9607909429
040 _aGR-AtMCL
_bgre
_dGR-AtMCL
_eAACR2
245 1 _aΛόγος Περι Παγκοσμιοποίησης και Δημοκρατίας / Συνεντεύξεις με Σύγχρονους Στοχαστές
260 _c2002
300 _a584
520 _aΤα σημαντικότερα κοινωνικά, πολιτικά, οικονομικά και φιλοσοφικά θέματα της εποχής μας. Πρόλογος, Η Οδύσσεια Ενός Μαρξιστή, Ο Σύγχρονος Ελευθεριακός Σοσιαλισμός, Διεθνείς Σχέσεις και Αναζήτηση μιας Ανθρώπινης Παγκοσμιας Διακυβέρνησης, Ο Φιλελευθερισμός στον Μεταδιαφωτιστικό Κόσμο - Στοχασμοί Σχετικά με τον Διαταραγμένο Παγκόσμιο Καπιταλισμό, Παγκοσμιοποίηση και Κοσμοπολιτισμός και Δημοκρατία, Αρχαία Ελληνική Φιλοσοφία και Δικαιοσύνη και Ανθρώπινα Δικαιώματα, Παγκόσμιες Αναζητήσεις, Για τη Φιλοσοφία και την Πολιτική και τον Ψυχρό Πόλεμο και την Αριστερά, Από τον Πλάτωνα στον Μεταμοντερνισμό ή το Τέλος της Φιλοσοφίας και η Κοινωνική Ελπίδα, Ανάλυση των Παγκόσμιων Συστημάτων - Η Κοινωνική Επιστήμη και η Τρέχουσα Διεθνής Κατάσταση, Περί Μαρξισμού και Κοινωνικών Τάξεων και Πολιτικής, Βιογραφικό Επίμετρο.
700 1 _aScripta
_9546
700 1 _aΠολυχρονίου Χρόνη
_9547
700 1 _aΤσιαμούρας Παναγιώτης
_9548
942 _cBK
999 _c1950
_d1950